Noms de pays sans article grammatical - Statistiques

Statistiques générales
  • Ce quiz a été pris 142 fois
    104 depuis la dernière actualisation
  • Le résultat moyen est 10 sur 23
Statistiques - réponses
Première lettre Pays % Correct
H Haïti
67%
S Saint-Marin
61%
D Djibouti
59%
S Saint-Christophe-et-Niévès
59%
S Sainte-Lucie
58%
O Oman
57%
S Saint-Vincent-et-les-Grenadines
57%
N Nauru
55%
M Madagascar
47%
A Antigua-et-Barbuda
46%
S Sao-Tomé-et-Principe
46%
C Cuba
43%
M Monaco
43%
I Israël
42%
M Malte
39%
T Trinité-et-Tobago
39%
C Chypre
38%
M Maurice
37%
S Singapour
37%
T Taïwan
37%
B Brunei
34%
B Belize
24%
S Sierra Leone
12%
Aucun quiz correspondant
Distribution des résultats
% des personnes avec chaque résultat
Percentile par nombre de réponses
Votre historique - résultats
Vous n’avez pas pris ce quiz depuis la dernière actualisation